| 000 | 00991nam a22003017a 4500 | ||
|---|---|---|---|
| 003 | CHAP | ||
| 005 | 20220329133822.0 | ||
| 008 | 971013s1982 r 00010 d | ||
| 010 | _a11351 | ||
| 011 | _a12323 | ||
| 035 | _a15069 | ||
| 040 | _cCHAP | ||
| 090 | _aFolleto 7659 | ||
| 110 | 2 |
_aComisión México-Americana para la Prevención de la Fiebre Aftosa _925755 |
|
| 245 | 1 | _aManual ilustrado para el reconocimiento y diagnóstico de ciertas enfermedades de los animales | |
| 260 |
_aMéxico, D. F. : _bLa Comisión, _c1982 |
||
| 300 |
_a68 p. _b: il. |
||
| 590 |
_aBATCH-UPD _b10 _c20130110 _lUCH01 _h1129 |
||
| 590 |
_aBATCH-UPD _b10 _c20130410 _lUCH01 _h0718 |
||
| 590 |
_aBATCH-UPD _b10 _c20130914 _lUCH01 _h0909 |
||
| 590 |
_aCONVERSION _b10 _c20130109 _lUCH01 _h1307 |
||
| 650 | 1 | 4 |
_aPatología veterinaria. _986194 |
| 650 | 1 | 4 |
_aVeterinaria. _9118987 |
| 700 | 0 |
_aCallis, J. J. _917556 |
|
| 901 | _aBK | ||
| 942 | _cFOLL | ||
| 949 |
_aFolleto 7659 _bBC _cFOLL _d-99668 _eTS1 _i15069 _si |
||
| 999 |
_c11351 _d11351 |
||